A Hotel Eger & Park**** marketingstratégiája

Bibliográfiai részletek
Szerző: Gyöngy Bence
További közreműködők: Kopcsay Dr. László
Dokumentumtípus: Diplomadolgozat
Kulcsszavak:Hotel
Marketingstratégia
Szálloda
Turizmus
Online Access:http://dolgozattar.uni-bge.hu/10101

MARC

LEADER 00000nta a2200000 i 4500
001 dolg10101
005 20171005125457.0
008 170428suuuu hu om 000 hun d
040 |a BGE Dolgozattár Repozitórium  |b hun 
041 |a hu 
100 1 |a Gyöngy Bence 
245 1 2 |a A Hotel Eger & Park**** marketingstratégiája  |c Gyöngy Bence  |h [elektronikus dokumentum] 
695 |a Hotel 
695 |a Marketingstratégia 
695 |a Szálloda 
695 |a Turizmus 
700 1 |a Kopcsay Dr. László  |e ths 
856 4 0 |u http://dolgozattar.uni-bge.hu/10101/1/SZAKDOLGOZAT_GY%C3%96NGY%20BENCE_F75CDX.pdf  |z Dokumentum-elérés